Bakingfin hành trình bếp bánh
Cuốn sách này sẽ dành cho những bạn chưa từng biết đến bếp bánh và còn đang e ngại sợ khó khăn... vì từng lưu ý cơ bản nhất đến nâng cao nhất, các bí quyết để làm bánh thành công đều được mô tả và minh họa dễ hiểu....
保存先:
| 第一著者: | |
|---|---|
| フォーマット: | 図書 |
| 言語: | Undetermined |
| 出版事項: |
Hà Nội
Văn hóa-Thông tin
2014
|
| 主題: | |
| タグ: |
タグ追加
タグなし, このレコードへの初めてのタグを付けませんか!
|
| Thư viện lưu trữ: | Trung tâm Học liệu Trường Đại học Cần Thơ |
|---|
| LEADER | 00920nam a2200205Ia 4500 | ||
|---|---|---|---|
| 001 | CTU_197217 | ||
| 008 | 210402s9999 xx 000 0 und d | ||
| 020 | |c 245000 | ||
| 082 | |a 641.815 | ||
| 082 | |b Ng528 | ||
| 100 | |a Vũ, Ánh Nguyệt | ||
| 245 | 0 | |a Bakingfin hành trình bếp bánh | |
| 245 | 0 | |c Vũ Ánh Nguyệt | |
| 260 | |a Hà Nội | ||
| 260 | |b Văn hóa-Thông tin | ||
| 260 | |c 2014 | ||
| 520 | |a Cuốn sách này sẽ dành cho những bạn chưa từng biết đến bếp bánh và còn đang e ngại sợ khó khăn... vì từng lưu ý cơ bản nhất đến nâng cao nhất, các bí quyết để làm bánh thành công đều được mô tả và minh họa dễ hiểu. | ||
| 650 | |a Baking,Cake,Nướng,Bánh ngọt | ||
| 904 | |i Tuyến | ||
| 980 | |a Trung tâm Học liệu Trường Đại học Cần Thơ | ||